'Pass-through' construction claims in Canada (Record no. 73149)
[ view plain ]
| 000 -LEADER | |
|---|---|
| fixed length control field | 01237cam a2200241 4500 |
| 001 - CONTROL NUMBER | |
| control field | ABS66887 |
| 008 - FIXED-LENGTH DATA ELEMENTS--GENERAL INFORMATION | |
| fixed length control field | 030801n2003 000 0 eng u |
| 035 ## - SYSTEM CONTROL NUMBER | |
| System control number | (Sirsi) u123173 |
| 100 ## - MAIN ENTRY--PERSONAL NAME | |
| Personal name | Kirsh, H. |
| 245 ## - TITLE STATEMENT | |
| Title | 'Pass-through' construction claims in Canada |
| 260 ## - PUBLICATION, DISTRIBUTION, ETC. | |
| Date of publication, distribution, etc. | 2003 |
| 490 ## - SERIES STATEMENT | |
| Series statement | International Construction Law Review |
| Volume/sequential designation | 20(3) July 2003, 377-380(4) |
| 520 ## - SUMMARY, ETC. | |
| Summary, etc. | A 'pass-through' claim can be defined as a claim by a party who has suffered damages against a responsible party with whom he has no contract and which is presented through an intervening party who has a contractual relationship with both. The contractor and sub-contractor can join together to mount a joint claim when projects are delayed or accelerated. Considers the claim for damages, the allocation of causation and responsibility as well as defences and limitations. These claims are cost efficient as a subcontractor need not bring his own action. |
| 590 ## - LOCAL NOTE (RLIN) | |
| Local note | ABS |
| 650 ## - SUBJECT ADDED ENTRY--TOPICAL TERM | |
| Topical term or geographic name entry element | CANADA |
| 650 ## - SUBJECT ADDED ENTRY--TOPICAL TERM | |
| Topical term or geographic name entry element | DELAY |
| 650 ## - SUBJECT ADDED ENTRY--TOPICAL TERM | |
| Topical term or geographic name entry element | ACCELERATION |
| 650 ## - SUBJECT ADDED ENTRY--TOPICAL TERM | |
| Topical term or geographic name entry element | PASS THROUGH CLAIMS |
| 650 ## - SUBJECT ADDED ENTRY--TOPICAL TERM | |
| Topical term or geographic name entry element | BUILT ENVIRONMENT-BUILDING CONTRACT FORMS |
| 650 ## - SUBJECT ADDED ENTRY--TOPICAL TERM | |
| Topical term or geographic name entry element | THOMAS FULLER CONSTRUCTION CO (1958) LTD V CANADA |
| 690 ## - LOCAL SUBJECT ADDED ENTRY--TOPICAL TERM (OCLC, RLIN) | |
| Topical term or geographic name as entry element | Dispute resolution |
| 9 (RLIN) | 6236 |
| 942 ## - ADDED ENTRY ELEMENTS (KOHA) | |
| Suppress in OPAC | 0 |
| Withdrawn status | Lost status | Source of classification or shelving scheme | Damaged status | Not for loan | Home library | Current library | Shelving location | Date acquired | Total Checkouts | Full call number | Barcode | Date last seen | Copy number | Price effective from | Koha item type |
|---|---|---|---|---|---|---|---|---|---|---|---|---|---|---|---|
| Dewey Decimal Classification | London | London | Journal article | 01/08/2003 | ABS66887 | 123173-1001 | 06/08/2019 | 1 | 06/08/2019 | Journal article |